Oxford elementary learner's dictionary /
Guardado en:
| Formato: | Libro |
|---|---|
| Publicado: |
New York :
Oxford University,
1998
|
| Edición: | 2a. ed. |
| Materias: | |
| Etiquetas: |
Agregar Etiqueta
Sin Etiquetas, Sea el primero en etiquetar este registro!
|
| LEADER | 00528nam a22001815a 4500 | ||
|---|---|---|---|
| 001 | CEM.cems009961 | ||
| 005 | 20080701105408.0 | ||
| 008 | 130507s1998##################000#0#####d | ||
| 003 | CEMS | ||
| 020 | |a 0194312755 | ||
| 082 | 0 | 4 | |a C423 |
| 245 | 0 | 0 | |a Oxford elementary learner's dictionary / |c Editado Por Angela Crawley |
| 250 | |a 2a. ed. | ||
| 260 | |a New York : |b Oxford University, |c 1998 | ||
| 300 | |a 429 p. | ||
| 653 | |a Diccionarios | ||
| 653 | |a Inglés-diccionarios | ||
| 859 | |a CEMS |b BIB. CEMS - 11 de abril |h C423 |i Ox2-1a2 |p 20273.99 |t Ej.1 | ||
